Growth of federal finance in India (Record no. 124385)
[ view plain ]
| 000 -LEADER | |
|---|---|
| fixed length control field | 00443nam a2200181Ia 4500 |
| 003 - CONTROL NUMBER IDENTIFIER | |
| control field | OSt |
| 005 - DATE AND TIME OF LATEST TRANSACTION | |
| control field | 20221121104512.0 |
| 008 - FIXED-LENGTH DATA ELEMENTS--GENERAL INFORMATION | |
| fixed length control field | 210210b1939 xxu||||| |||| 00| 0 eng d |
| 040 ## - CATALOGING SOURCE | |
| Transcribing agency | AL |
| 041 ## - LANGUAGE CODE | |
| Language code of text/sound track or separate title | eng |
| 082 ## - DEWEY DECIMAL CLASSIFICATION NUMBER | |
| Classification number | 334/66 |
| 100 ## - MAIN ENTRY--PERSONAL NAME | |
| Personal name | THOMAS (P J) |
| 9 (RLIN) | 62868 |
| 245 ## - TITLE STATEMENT | |
| Title | Growth of federal finance in India |
| 260 ## - PUBLICATION, DISTRIBUTION, ETC. | |
| Place of publication, distribution, etc. | Bombay |
| Name of publisher, distributor, etc. | Oxford University Press |
| Date of publication, distribution, etc. | 1939 |
| 690 ## - LOCAL SUBJECT ADDED ENTRY--TOPICAL TERM (OCLC, RLIN) | |
| Topical term or geographic name as entry element | Public Finance |
| 9 (RLIN) | 62869 |
| 906 ## - LOCAL DATA ELEMENT F, LDF (RLIN) | |
| a | 004330 |
| 942 ## - ADDED ENTRY ELEMENTS (KOHA) | |
| Source of classification or shelving scheme | Dewey Decimal Classification |
| Koha item type | Book |
| Withdrawn status | Lost status | Source of classification or shelving scheme | Damaged status | Not for loan | Collection code | Home library | Current library | Date acquired | Cost, normal purchase price | Total Checkouts | Full call number | Barcode | Date last seen | Price effective from | Koha item type |
|---|---|---|---|---|---|---|---|---|---|---|---|---|---|---|---|
| Dewey Decimal Classification | Economics | St Aloysius Library | St Aloysius Library | 02/17/2021 | 0.00 | 334/66 | 004330 | 02/17/2021 | 02/17/2021 | Book | |||||
| Dewey Decimal Classification | Economics | St Aloysius Library | St Aloysius Library | 02/17/2021 | 0.00 | 334/67 | 004331 | 02/17/2021 | 02/17/2021 | Book |